Statistics for Yakko’s World - Countries Only

Click here to take the quiz!

General Stats

  • This quiz has been taken 5 times
  • The average score is 77 of 125

Answer Stats

Answer% Correct
Canada
100%
Mexico
100%
Panama
100%
United States
100%
Haiti
80%
Jamaica
80%
Peru
80%
Afghanistan
60%
Albania
60%
Algeria
60%
Angola
60%
Argentina
60%
Australia
60%
Austria
60%
Bahamas
60%
Bahrain
60%
Bangladesh
60%
Barbados
60%
Belgium
60%
Belize
60%
Benin
60%
Bhutan
60%
Bolivia
60%
Botswana
60%
Brazil
60%
Bulgaria
60%
Burundi
60%
Cameroon
60%
Chad
60%
Chile
60%
China
60%
Colombia
60%
Costa Rica
60%
Cuba
60%
Cyprus
60%
Denmark
60%
Djibouti
60%
Ecuador
60%
Egypt
60%
El Salvador
60%
Ethiopia
60%
Fiji
60%
Finland
60%
France
60%
Gabon
60%
Gambia
60%
Germany
60%
Ghana
60%
Greece
60%
Guatemala
60%
Guinea
60%
Guinea-Bissau
60%
Guyana
60%
Honduras
60%
Hungary
60%
Iceland
60%
India
60%
Indonesia
60%
Iran
60%
Iraq
60%
Ireland
60%
Israel
60%
Italy
60%
Japan
60%
Jordan
60%
Kenya
60%
Kuwait
60%
Laos
60%
Lebanon
60%
Lesotho
60%
Liberia
60%
Libya
60%
Liechtenstein
60%
Luxembourg
60%
Madagascar
60%
Malawi
60%
Malaysia
60%
Mali
60%
Malta
60%
Mauritania
60%
Monaco
60%
Mongolia
60%
Morocco
60%
Mozambique
60%
Namibia
60%
Nepal
60%
Netherlands
60%
New Zealand
60%
Nicaragua
60%
Niger
60%
Nigeria
60%
Norway
60%
Oman
60%
Pakistan
60%
Paraguay
60%
Poland
60%
Portugal
60%
Qatar
60%
Romania
60%
Russia
60%
Rwanda
60%
Saudi Arabia
60%
Senegal
60%
Sierra Leone
60%
Somalia
60%
Spain
60%
Sri Lanka
60%
Sudan
60%
Suriname
60%
Sweden
60%
Switzerland
60%
Syria
60%
Taiwan
60%
Tanzania
60%
Thailand
60%
Togo
60%
Tunisia
60%
Turkey
60%
Uganda
60%
Uruguay
60%
Venezuela
60%
Vietnam
60%
Yemen
60%
Zambia
60%
Zimbabwe
60%

Score Distribution

Percentile by Number Answered

Percent of People with Each Score

Your Score History

You have not taken this quiz